Straßenbahn 60 Wien - Stationen - Statistiken

Allgemein
  • Dieses Quiz wurde 2 mal gespielt
  • Das Durchschnittsergebnis liegt bei 23 aus 26
Antwortstatistiken
Stationen % Korrekt
Anschützgasse
100%
Anton-Krieger-Gasse
100%
Dommayergasse
100%
Franz-Asenbauer-Gasse
100%
Gloriettegasse
100%
Hietzing
100%
Jagdschlossgasse
100%
Kaiser-Franz-Josef-Straße
100%
Mariahilfer Straße, Geibelgasse
100%
Maurer Hauptplatz
100%
Maurer Lange Gasse
100%
Penzinger Straße
100%
Rodaun
100%
Rodaunbrücke
100%
Rustengasse
100%
Schloss Schönbrunn
100%
Speising, Hermesstraße
100%
Stadlergasse
100%
Staglgasse
100%
Westbahnhof
100%
Westbahnhof, Gerstnerstraße
100%
Hofwiesengasse
50%
Preyergasse
50%
Sillerplatz
50%
Winckelmannstraße/Bahnhof Bhf. Rudolfsheim
50%
Riedelgasse
0%
Keine übereinstimmenden Quizze gefunden
Verteilung der Resultate
Anzahl Personen mit jedem Resultat
Perzentil nach korrekt beantworteten Fragen
Ihre Resultats-Entwicklung
Sie haben dieses Quiz noch nicht gespielt